| 000 | 00732nam a22002177a 4500 | ||
|---|---|---|---|
| 003 | OSt | ||
| 005 | 20260309031304.0 | ||
| 008 | 260309b |||||||| |||| 00| 0 eng d | ||
| 020 | _a0330258508 | ||
| 040 |
_aDWCL GS lib _cOC |
||
| 082 | _aFic. S532s 1979 | ||
| 100 | _aSharp, Marilyn | ||
| 245 |
_aSUNFLOWER _cMarilyn Sharp |
||
| 260 |
_aNew York _bPan Books Ltd _cc1979. |
||
| 300 |
_avii, 221 pages _billustrations _c20cm. |
||
| 520 | _aSomeone high up in government has become a deadly security leak and there is only one way to track him down - kidnap the President's four-year-old daughter and force his hand. | ||
| 546 | _aEnglish | ||
| 650 | _aspy thriller | ||
| 650 | _asuspense novel | ||
| 942 |
_2ddc _cFIC. _hFic. _n0 |
||
| 999 |
_c8736 _d8736 |
||